000
00311nam a2200133Ia 4500
008
150301s2015 xx 000 0 und d
082
_a
614
_b
H15J
100
_a
N.K JAIN
245
_a
HEALTH EDUCATION AND COMMUNITY PHARMACY
260
_b
CBS- DELHI
300
_a
274
650
_a
PHARMCY
942
_2
ddc
_c
BK
_0
1
999
_c
7136
_d
7136